000 01525nam a2200361Ia 4500
001 ebr10135550
003 CaPaEBR
006 m u
007 cr cn|||||||||
008 051018s2005 nyu fsb 001 0 eng d
010 _z 2005296447
015 _aGBA5631722bnb
020 _z1403981574
020 _z1403963517 (hbk.)
040 _aCaPaEBR
_cCaPaEBR
035 _a(OCoLC)560465871
050 1 4 _aLA1299.7.M56
_bM55 2005eb
082 0 4 _a371.82829709599
_222
100 1 _aMilligan, Jeffrey Ayala.
245 1 0 _aIslamic identity, postcoloniality, and educational policy
_h[electronic resource] :
_bschooling and ethno-religious conflict in the Southern Philippines /
_cJeffrey Ayala Milligan.
260 _aNew York ;
_aBasingstoke :
_bPalgrave Macmillan,
_cc2005.
300 _ax, 225 p.
504 _aIncludes bibliographical references (p. [203]-213) and index.
533 _aElectronic reproduction.
_bPalo Alto, Calif. :
_cebrary,
_d2009.
_nAvailable via World Wide Web.
_nAccess may be limited to ebrary affiliated libraries.
650 0 _aEducation and state
_zPhilippines.
650 0 _aEducation
_zPhilippines
_zMindanao Island
_xHistory.
650 0 _aEducation
_zPhilippines
_zSulu Archipelago
_xHistory.
650 0 _aMuslims
_xEducation
_zPhilippines.
650 0 _aMuslims
_zPhilippines.
655 7 _aElectronic books.
_2local
710 2 _aebrary, Inc.
856 4 0 _uhttp://site.ebrary.com/lib/rucke/Doc?id=10135550
_zAn electronic book accessible through the World Wide Web; click to view
999 _c85554
_d85554